000
00292nam a22001337a 4500
008
171108b xxu||||| |||| 00| 0 eng d
020
_a
9780073314976
041
_a
eng
080
_2
4 ED
_a
330.320
100
_a
64
101
_a
INV
245
_a
INVESTMENTS
_c
JORDAN.B.D
942
_2
udc
_c
BK
999
_c
38213
_d
38213